| 000 | 00462nam a2200157 i 4500 | ||
|---|---|---|---|
| 001 | 100721 | ||
| 003 | ES-MaACL | ||
| 005 | 20230906182731.0 | ||
| 007 | t| | ||
| 008 | 051004s1970 sp ||||1| spa d | ||
| 100 | 1 |
_aMathias, Julio. _979039 |
|
| 245 | 1 | 0 |
_aUn dramaturgo del siglo XVII _b: Francisco de Leiva (1630-1676) / _cJulio Mathias. |
| 260 |
_aMadrid : _bEditora Nacional, _c1970. |
||
| 300 |
_a161 p. ; _c22 cm. |
||
| 852 |
_aES-MaACL _jC-38570 _bR.74429 |
||
| 999 |
_c100721 _d100721 |
||